000 00303nam a22001337a 4500
008 171002b xxu||||| |||| 00| 0 eng d
020 _a1557989796
041 _aeng
080 _a159.9
100 _a48
101 _aPSI
245 _aQUALITATIVE RESEARCH IN PSYCHOLOGY
_cCAMIC,P.M
942 _2udc
_cBK
999 _c31190
_d31190